Loading...
| Literature - European Literature | 0 | 4 | 0 | 0 | 40 | 55 | 76.25 | 1 | 3 |
| Fine Arts - Other Fine Arts | 0 | 3 | 0 | 1 | 30 | 67 | 85.67 | 2 | 3 |
| Fine Arts - Classical Music | 0 | 3 | 0 | 0 | 30 | 55 | 57.67 | 1 | 3 |
| Science - Physics | 0 | 3 | 0 | 0 | 30 | 23 | 34.00 | 2 | 3 |
| Social Science | 0 | 3 | 0 | 1 | 30 | 31 | 45.33 | 1 | 3 |
| Science - Other Science | 0 | 3 | 1 | 0 | 25 | 30 | 36.33 | 2 | 3 |
| Literature - British Literature | 0 | 2 | 0 | 0 | 20 | 69 | 93.00 | 0 | 2 |
| Mythology | 0 | 2 | 0 | 0 | 20 | 70 | 79.00 | 0 | 2 |
| Painting/Sculpture | 0 | 2 | 0 | 0 | 20 | 83 | 86.50 | 0 | 1 |
| Philosophy | 0 | 2 | 0 | 0 | 20 | 73 | 79.50 | 1 | 1 |
| History - Other History | 0 | 2 | 0 | 0 | 20 | 64 | 69.00 | 1 | 2 |
| Literature - American Literature | 0 | 2 | 0 | 0 | 20 | 55 | 78.50 | 1 | 2 |
| Religion | 0 | 1 | 0 | 0 | 10 | 87 | 87.00 | 0 | 0 |
| Literature - World Literature | 0 | 1 | 0 | 0 | 10 | 107 | 107.00 | 0 | 0 |
| Science - Biology | 0 | 1 | 0 | 0 | 10 | 46 | 46.00 | 0 | 1 |
| History - European History | 0 | 1 | 0 | 1 | 10 | 96 | 96.00 | 0 | 0 |
| Pop Culture | 0 | 1 | 0 | 0 | 10 | 17 | 17.00 | 1 | 1 |
| Science - Chemistry | 0 | 1 | 2 | 0 | 0 | 38 | 38.00 | 0 | 1 |